[Event "Team Championship Russia (Blitz, Men)"]
[Site "Sochi"]
[Date "2018.10.10"]
[Round "11.34"]
[White "Kuzmin, Roman"]
[Black "Tatarintsev, Egor"]
[Result "0-1"]
[BlackElo "1922"]
[WhiteElo "1855"]
[LiveChessVersion "1.4.8"]

1. e4 {[%clk 0:03:03]} e6 {[%clk 0:03:03]} 2. d4 {[%clk 0:03:04]} d5
{[%clk 0:03:04]} 3. Nd2 {[%clk 0:03:05]} Nc6 {[%clk 0:03:05]} 4. Ngf3
{[%clk 0:02:45]} Nf6 {[%clk 0:03:06]} 5. e5 {[%clk 0:02:43]} Nd7 {[%clk 0:03:07]}
6. c3 {[%clk 0:02:19]} f6 {[%clk 0:03:09]} 7. exf6 Qxf6 {[%clk 0:03:09]} 8. Bd3
{[%clk 0:01:23]} Bd6 {[%clk 0:03:06]} 9. Qc2 {[%clk 0:01:17]} e5 {[%clk 0:02:54]}
10. dxe5 {[%clk 0:01:10]} Ndxe5 {[%clk 0:02:53]} 11. O-O {[%clk 0:00:56]} Bg4
{[%clk 0:02:12]} 12. Nxe5 {[%clk 0:00:25]} Nxe5 {[%clk 0:01:49]} 13. Re1
{[%clk 0:00:10]} O-O-O {[%clk 0:01:44]} 14. Nf1 {[%clk 0:00:09]} Rdf8
{[%clk 0:01:14]} 15. Be3 {[%clk 0:00:06]} Bd7 {[%clk 0:00:41]} 16. Bd4
{[%clk 0:00:03]} Qg5 {[%clk 0:00:35]} 17. Bxe5 {[%clk 0:00:03]} Bxe5
{[%clk 0:00:36]} 18. Ng3 {[%clk 0:00:03]} h5 {[%clk 0:00:33]} 19. h4
{[%clk 0:00:04]} Qf6 {[%clk 0:00:28]} 20. Re3 {[%clk 0:00:03]} Bf4
{[%clk 0:00:26]} 21. Re2 {[%clk 0:00:03]} Qxh4 {[%clk 0:00:24]} 22. Bf5
{[%clk 0:00:03]} Bxf5 {[%clk 0:00:19]} 23. Qa4 {[%clk 0:00:03]} Bxg3
{[%clk 0:00:17]} 24. Re4 {[%clk 0:00:03]} Bxe4 {[%clk 0:00:12]} 25. Qxa7
{[%clk 0:00:03]} Bxf2+ {[%clk 0:00:13]} 26. Kf1 {[%clk 0:00:04]} Bxa7+
{[%clk 0:00:13]} 27. Ke1 0-1

[Event "Team Championship Russia (Blitz, Men)"]
[Site "Sochi"]
[Date "2018.10.10"]
[Round "12.1"]
[White "Dubov, Daniil"]
[Black "Ozgibcev, Anatoly"]
[Result "1-0"]
[BlackElo "2353"]
[WhiteElo "2706"]
[LiveChessVersion "1.4.8"]

1. Nf3 {[%clk 0:03:02]} d5 {[%clk 0:03:03]} 2. e3 {[%clk 0:03:04]} c5
{[%clk 0:03:03]} 3. c4 {[%clk 0:03:03]} e6 {[%clk 0:03:04]} 4. b3
{[%clk 0:03:01]} Nc6 {[%clk 0:03:03]} 5. cxd5 {[%clk 0:03:01]} exd5
{[%clk 0:03:04]} 6. Bb2 {[%clk 0:03:02]} Nf6 {[%clk 0:03:04]} 7. Be2
{[%clk 0:03:03]} Be7 {[%clk 0:03:04]} 8. O-O {[%clk 0:03:04]} O-O
{[%clk 0:03:04]} 9. d4 {[%clk 0:03:05]} Ne4 {[%clk 0:03:04]} 10. Nbd2
{[%clk 0:02:57]} Bf6 {[%clk 0:02:55]} 11. Ne5 {[%clk 0:02:57]} Qa5
{[%clk 0:02:21]} 12. Nxe4 {[%clk 0:02:50]} dxe4 {[%clk 0:02:22]} 13. Nc4
{[%clk 0:02:50]} Qc7 {[%clk 0:02:10]} 14. dxc5 {[%clk 0:02:45]} Bxb2
{[%clk 0:02:10]} 15. Nxb2 {[%clk 0:02:45]} Rd8 {[%clk 0:02:11]} 16. Qc1
{[%clk 0:02:46]} Be6 {[%clk 0:02:02]} 17. Qc3 {[%clk 0:02:42]} a5
{[%clk 0:01:54]} 18. Nc4 {[%clk 0:02:35]} Nb4 {[%clk 0:01:34]} 19. Nb6
{[%clk 0:02:34]} Nd5 {[%clk 0:01:31]} 20. Nxa8 {[%clk 0:02:30]} Rxa8
{[%clk 0:01:30]} 21. Qd4 {[%clk 0:02:30]} Nb4 {[%clk 0:01:19]} 22. Qd6
{[%clk 0:02:25]} Qc8 {[%clk 0:01:15]} 23. Rfd1 {[%clk 0:02:23]} h6
{[%clk 0:01:09]} 24. Qe5 {[%clk 0:02:19]} Bg4 {[%clk 0:01:05]} 25. Bxg4
{[%clk 0:02:15]} Qxg4 {[%clk 0:01:06]} 26. h3 {[%clk 0:02:15]} Qh4
{[%clk 0:01:01]} 27. g3 {[%clk 0:01:59]} Qxh3 {[%clk 0:00:56]} 28. Qxe4
{[%clk 0:02:00]} Qc8 {[%clk 0:00:53]} 29. a3 {[%clk 0:01:57]} Nc6
{[%clk 0:00:53]} 30. b4 {[%clk 0:01:58]} Qf8 {[%clk 0:00:48]} 31. b5
{[%clk 0:01:48]} Re8 {[%clk 0:00:48]} 32. Qg2 {[%clk 0:01:46]} Ne5
{[%clk 0:00:49]} 33. c6 {[%clk 0:01:43]} bxc6 {[%clk 0:00:46]} 34. bxc6
{[%clk 0:01:44]} Qe7 {[%clk 0:00:43]} 35. Rac1 {[%clk 0:01:39]} Qf6
{[%clk 0:00:40]} 36. c7 {[%clk 0:01:24]} Nf3+ {[%clk 0:00:40]} 37. Qxf3
{[%clk 0:01:18]} Qxf3 {[%clk 0:00:41]} 38. Rd8 {[%clk 0:01:19]} 1-0

[Event "Team Championship Russia (Blitz, Men)"]
[Site "Sochi"]
[Date "2018.10.10"]
[Round "12.2"]
[White "Dilmukhametov, Artur"]
[Black "Morozevich, Alexander"]
[Result "0-1"]
[BlackElo "2677"]
[WhiteElo "2375"]
[LiveChessVersion "1.4.8"]

1. d4 {[%clk 0:03:02]} Nf6 {[%clk 0:03:03]} 2. Nc3 {[%clk 0:03:03]} e6
{[%clk 0:03:04]} 3. e4 {[%clk 0:02:58]} d5 {[%clk 0:03:05]} 4. Bg5
{[%clk 0:02:52]} dxe4 {[%clk 0:03:03]} 5. Nxe4 {[%clk 0:02:51]} Be7
{[%clk 0:03:04]} 6. Nxf6+ {[%clk 0:02:27]} Bxf6 {[%clk 0:03:04]} 7. Bxf6
{[%clk 0:02:28]} Qxf6 {[%clk 0:03:05]} 8. Nf3 {[%clk 0:02:29]} O-O
{[%clk 0:03:06]} 9. Bd3 {[%clk 0:02:28]} c5 {[%clk 0:03:03]} 10. Qe2
{[%clk 0:02:04]} Nc6 {[%clk 0:02:47]} 11. c3 {[%clk 0:01:27]} cxd4
{[%clk 0:02:45]} 12. Qe4 {[%clk 0:01:28]} g6 {[%clk 0:02:42]} 13. Nxd4
{[%clk 0:01:25]} Nxd4 {[%clk 0:02:29]} 14. Qxd4 {[%clk 0:01:21]} Qxd4
{[%clk 0:02:25]} 15. cxd4 {[%clk 0:01:22]} Rd8 {[%clk 0:02:27]} 16. O-O-O
{[%clk 0:01:18]} Rxd4 {[%clk 0:02:20]} 17. Bb5 {[%clk 0:01:19]} Rd5
{[%clk 0:01:59]} 18. Ba4 {[%clk 0:00:39]} Kf8 {[%clk 0:01:53]} 19. Rhe1
{[%clk 0:00:30]} Rxd1+ {[%clk 0:01:51]} 20. Rxd1 {[%clk 0:00:30]} Ke7
{[%clk 0:01:53]} 21. f4 {[%clk 0:00:28]} a5 {[%clk 0:01:37]} 22. Rd4
{[%clk 0:00:19]} Ra6 {[%clk 0:01:16]} 23. Rc4 {[%clk 0:00:10]} Kd8
{[%clk 0:01:17]} 24. Rd4+ {[%clk 0:00:09]} Kc7 {[%clk 0:01:18]} 25. Rc4+
{[%clk 0:00:10]} Kb8 26. Rd4 Rb6 {[%clk 0:00:52]} 27. Rd8 {[%clk 0:00:10]} Rb4
{[%clk 0:00:54]} 28. b3 {[%clk 0:00:03]} Kc7 {[%clk 0:00:49]} 29. Rh8
{[%clk 0:00:04]} Rxf4 {[%clk 0:00:28]} 30. Rxh7 {[%clk 0:00:05]} e5
{[%clk 0:00:25]} 31. g3 {[%clk 0:00:04]} Rf2 {[%clk 0:00:25]} 32. Bb5
{[%clk 0:00:04]} Be6 {[%clk 0:00:25]} 33. Bd3 {[%clk 0:00:04]} Kd6
{[%clk 0:00:21]} 34. Rh8 {[%clk 0:00:05]} Rxa2 {[%clk 0:00:20]} 35. Bc2
{[%clk 0:00:06]} b5 {[%clk 0:00:14]} 36. Kb1 {[%clk 0:00:06]} Ra3
{[%clk 0:00:13]} 37. Kb2 {[%clk 0:00:07]} b4 {[%clk 0:00:14]} 38. Ra8
{[%clk 0:00:08]} Bd5 {[%clk 0:00:13]} 39. Ra6+ {[%clk 0:00:08]} Kc5
{[%clk 0:00:14]} 40. Ra7 {[%clk 0:00:09]} f5 {[%clk 0:00:16]} 41. Ra6
{[%clk 0:00:10]} e4 {[%clk 0:00:17]} 42. Rxg6 {[%clk 0:00:09]} a4
{[%clk 0:00:16]} 43. bxa4 {[%clk 0:00:07]} Ra2+ {[%clk 0:00:17]} 44. Kc1
{[%clk 0:00:08]} b3 {[%clk 0:00:19]} 45. Bb1 {[%clk 0:00:08]} Rxh2
{[%clk 0:00:19]} 46. a5 {[%clk 0:00:05]} b2+ {[%clk 0:00:20]} 47. Kd1
{[%clk 0:00:07]} Bb3+ {[%clk 0:00:19]} 0-1

[Event "Team Championship Russia (Blitz, Men)"]
[Site "Sochi"]
[Date "2018.10.10"]
[Round "12.3"]
[White "Savchenko, Boris"]
[Black "Inozemtsev, Sergei"]
[Result "1-0"]
[BlackElo "2312"]
[WhiteElo "2657"]
[LiveChessVersion "1.4.8"]

1. e4 {[%clk 0:03:02]} e6 {[%clk 0:03:03]} 2. d4 {[%clk 0:03:03]} d5
{[%clk 0:03:04]} 3. Nc3 {[%clk 0:03:04]} Bb4 {[%clk 0:03:05]} 4. e5
{[%clk 0:03:01]} b6 {[%clk 0:03:04]} 5. Qg4 {[%clk 0:03:00]} Bf8 {[%clk 0:03:04]}
6. h4 {[%clk 0:02:57]} h5 {[%clk 0:02:57]} 7. Qd1 {[%clk 0:02:54]} Qd7
{[%clk 0:02:55]} 8. Nh3 {[%clk 0:02:52]} Ba6 {[%clk 0:02:47]} 9. Bg5
{[%clk 0:02:52]} Bxf1 {[%clk 0:02:43]} 10. Kxf1 {[%clk 0:02:52]} c5
{[%clk 0:02:29]} 11. dxc5 {[%clk 0:02:42]} bxc5 {[%clk 0:02:29]} 12. Nf4
{[%clk 0:02:43]} Nc6 {[%clk 0:02:28]} 13. Nxh5 {[%clk 0:02:37]} Nxe5
{[%clk 0:02:21]} 14. Qe2 {[%clk 0:02:38]} Nc6 {[%clk 0:02:19]} 15. Rd1
{[%clk 0:02:33]} Nd4 {[%clk 0:02:18]} 16. Rxd4 {[%clk 0:02:02]} cxd4
{[%clk 0:02:19]} 17. Nd1 {[%clk 0:02:03]} Rc8 {[%clk 0:02:11]} 18. Rh3
{[%clk 0:02:04]} Nh6 {[%clk 0:02:07]} 19. Bf6 {[%clk 0:02:00]} Nf5
{[%clk 0:02:07]} 20. Be5 {[%clk 0:01:57]} Rh7 {[%clk 0:01:51]} 21. Rb3
{[%clk 0:01:54]} Bd6 {[%clk 0:01:45]} 22. Bxg7 {[%clk 0:01:52]} Rxh5
{[%clk 0:01:40]} 23. Qxh5 {[%clk 0:01:52]} Nxg7 {[%clk 0:01:41]} 24. Qh8+
{[%clk 0:01:46]} Bf8 {[%clk 0:01:42]} 25. h5 {[%clk 0:01:40]} Nf5
{[%clk 0:01:43]} 26. g4 {[%clk 0:01:39]} Nd6 {[%clk 0:01:36]} 27. h6
{[%clk 0:01:38]} Qe7 {[%clk 0:01:34]} 28. Rh3 {[%clk 0:01:38]} Ne4
{[%clk 0:01:25]} 29. h7 {[%clk 0:01:36]} Ng5 {[%clk 0:01:25]} 30. Qxd4
{[%clk 0:01:29]} Nxh7 {[%clk 0:01:23]} 31. Rxh7 {[%clk 0:01:29]} Rxc2
{[%clk 0:01:20]} 32. Qa4+ {[%clk 0:01:31]} Qd7 {[%clk 0:01:18]} 33. Qxc2
{[%clk 0:01:31]} Qb5+ {[%clk 0:01:10]} 34. Kg2 {[%clk 0:01:30]} Qb4
{[%clk 0:01:10]} 35. Ne3 {[%clk 0:01:27]} Bc5 {[%clk 0:01:07]} 36. a3
{[%clk 0:01:27]} Qd4 {[%clk 0:01:07]} 37. b4 {[%clk 0:01:28]} Bb6
{[%clk 0:01:08]} 38. g5 {[%clk 0:01:14]} Qf4 {[%clk 0:01:04]} 39. g6
{[%clk 0:01:14]} Qg5+ {[%clk 0:01:03]} 40. Kf3 {[%clk 0:01:14]} fxg6
{[%clk 0:00:56]} 41. Qc8+ {[%clk 0:01:12]} Bd8 {[%clk 0:00:52]} 42. Qd7+
{[%clk 0:01:13]} Kf8 {[%clk 0:00:52]} 43. Rh8# {[%clk 0:01:14]} 1-0

[Event "Team Championship Russia (Blitz, Men)"]
[Site "Sochi"]
[Date "2018.10.10"]
[Round "12.4"]
[White "Pogromsky, Mikhail"]
[Black "Indjic, Aleksandar"]
[Result "1/2-1/2"]
[BlackElo "2606"]
[WhiteElo "2462"]
[LiveChessVersion "1.4.8"]

1. Nf3 {[%clk 0:03:02]} c5 {[%clk 0:03:03]} 2. c4 {[%clk 0:03:03]} Nf6
{[%clk 0:03:04]} 3. Nc3 {[%clk 0:03:03]} Nc6 {[%clk 0:03:05]} 4. g3
{[%clk 0:03:04]} d6 {[%clk 0:03:03]} 5. Bg2 {[%clk 0:03:00]} g6 {[%clk 0:03:04]}
6. O-O {[%clk 0:03:01]} Bg7 {[%clk 0:03:05]} 7. d4 {[%clk 0:03:02]} cxd4
{[%clk 0:03:06]} 8. Nxd4 {[%clk 0:03:03]} Bd7 {[%clk 0:03:07]} 9. b3
{[%clk 0:02:45]} h5 {[%clk 0:03:05]} 10. h4 {[%clk 0:02:30]} Ng4 {[%clk 0:02:58]}
11. e3 {[%clk 0:02:25]} O-O {[%clk 0:02:56]} 12. Bb2 {[%clk 0:02:23]} a6
{[%clk 0:02:54]} 13. Qd2 {[%clk 0:02:19]} Nge5 {[%clk 0:02:49]} 14. Nce2
{[%clk 0:01:57]} Rb8 {[%clk 0:02:37]} 15. Rac1 {[%clk 0:01:50]} Bg4
{[%clk 0:02:02]} 16. Nxc6 {[%clk 0:01:46]} Nxc6 {[%clk 0:01:43]} 17. Bxg7
{[%clk 0:01:46]} Kxg7 {[%clk 0:01:44]} 18. Nd4 {[%clk 0:01:39]} Qd7
{[%clk 0:01:42]} 19. Nxc6 {[%clk 0:01:36]} bxc6 {[%clk 0:01:41]} 20. e4
{[%clk 0:01:34]} c5 {[%clk 0:01:39]} 21. f4 {[%clk 0:01:26]} Kh7 {[%clk 0:01:32]}
22. e5 {[%clk 0:01:23]} dxe5 {[%clk 0:01:12]} 23. Qxd7 {[%clk 0:01:24]} Bxd7
{[%clk 0:01:12]} 24. fxe5 {[%clk 0:01:25]} Bf5 {[%clk 0:01:13]} 25. Rfd1
{[%clk 0:01:19]} a5 {[%clk 0:01:14]} 26. Rd5 {[%clk 0:01:19]} Rfc8
{[%clk 0:01:15]} 27. Rc3 {[%clk 0:01:17]} Kg7 {[%clk 0:01:16]} 28. Kh2
{[%clk 0:01:18]} Rb4 {[%clk 0:01:09]} 29. Bh3 {[%clk 0:01:18]} e6
{[%clk 0:01:01]} 30. Rd7 {[%clk 0:01:14]} a4 {[%clk 0:01:02]} 31. Bxf5
{[%clk 0:01:08]} gxf5 {[%clk 0:01:03]} 32. Rcd3 {[%clk 0:00:55]} axb3
{[%clk 0:00:48]} 33. axb3 {[%clk 0:00:57]} Rcb8 {[%clk 0:00:42]} 34. Rc7
{[%clk 0:00:58]} Rxb3 {[%clk 0:00:43]} 35. Rxb3 {[%clk 0:00:59]} Rxb3
{[%clk 0:00:44]} 36. Rxc5 {[%clk 0:01:00]} Kg6 {[%clk 0:00:45]} 37. Kg2
{[%clk 0:00:55]} Re3 {[%clk 0:00:30]} 38. Kf2 {[%clk 0:00:56]} f4
{[%clk 0:00:30]} 39. gxf4 {[%clk 0:00:56]} Re4 {[%clk 0:00:32]} 40. Kg3
{[%clk 0:00:53]} Re3+ {[%clk 0:00:29]} 41. Kg2 {[%clk 0:00:49]} Kf5
{[%clk 0:00:30]} 42. Rc7 {[%clk 0:00:50]} Kxf4 {[%clk 0:00:31]} 43. Rxf7+
{[%clk 0:00:51]} Kg4 {[%clk 0:00:33]} 44. Rg7+ {[%clk 0:00:37]} Kxh4
{[%clk 0:00:32]} 45. c5 {[%clk 0:00:38]} Rxe5 {[%clk 0:00:27]} 46. c6
{[%clk 0:00:39]} Rc5 {[%clk 0:00:28]} 47. c7 {[%clk 0:00:41]} Rc3
{[%clk 0:00:17]} 48. Re7 {[%clk 0:00:39]} Kg4 {[%clk 0:00:16]} 49. Rxe6
{[%clk 0:00:39]} Rc2+ {[%clk 0:00:17]} 50. Kg1 {[%clk 0:00:41]} Rxc7
{[%clk 0:00:18]} 51. Re3 {[%clk 0:00:41]} Kf4 {[%clk 0:00:17]} 52. Ra3
{[%clk 0:00:42]} Rc4 {[%clk 0:00:15]} 53. Kh2 {[%clk 0:00:44]} Kg4
{[%clk 0:00:16]} 54. Ra2 {[%clk 0:00:42]} h4 {[%clk 0:00:15]} 55. Rb2
{[%clk 0:00:45]} 1/2-1/2

[Event "Team Championship Russia (Blitz, Men)"]
[Site "Sochi"]
[Date "2018.10.10"]
[Round "12.5"]
[White "Zvjaginsev, Vadim"]
[Black "Sychev, Klementy"]
[Result "1-0"]
[BlackElo "2638"]
[WhiteElo "2669"]
[LiveChessVersion "1.4.8"]

1. e4 {[%clk 0:03:03]} c5 {[%clk 0:03:04]} 2. Nf3 {[%clk 0:03:04]} d6
{[%clk 0:03:05]} 3. Bd3 {[%clk 0:03:05]} Nf6 {[%clk 0:02:56]} 4. O-O
{[%clk 0:03:06]} g6 {[%clk 0:02:58]} 5. Re1 Bg7 {[%clk 0:02:48]} 6. Bb5+
{[%clk 0:03:03]} Bd7 {[%clk 0:02:47]} 7. Bxd7+ {[%clk 0:03:03]} Nbxd7
{[%clk 0:02:19]} 8. c3 {[%clk 0:03:03]} O-O {[%clk 0:02:20]} 9. d4
{[%clk 0:03:04]} Qc7 {[%clk 0:02:04]} 10. h3 {[%clk 0:03:01]} Rfd8
{[%clk 0:01:59]} 11. d5 {[%clk 0:02:58]} b5 {[%clk 0:01:57]} 12. Bf4
{[%clk 0:02:51]} Qb7 {[%clk 0:01:56]} 13. Qc2 {[%clk 0:02:45]} c4
{[%clk 0:01:52]} 14. Be3 {[%clk 0:02:30]} Re8 {[%clk 0:01:36]} 15. Nbd2
{[%clk 0:02:25]} e6 {[%clk 0:01:19]} 16. dxe6 {[%clk 0:02:26]} Rxe6
{[%clk 0:01:20]} 17. a4 {[%clk 0:02:25]} a6 {[%clk 0:01:19]} 18. axb5
{[%clk 0:02:20]} axb5 {[%clk 0:01:18]} 19. Rxa8+ {[%clk 0:02:21]} Qxa8
{[%clk 0:01:19]} 20. Nd4 {[%clk 0:02:22]} Re5 {[%clk 0:01:13]} 21. Bf4
{[%clk 0:02:14]} Re8 {[%clk 0:01:00]} 22. Nxb5 {[%clk 0:02:11]} Nd5
{[%clk 0:00:52]} 23. Bg3 {[%clk 0:02:06]} Nc5 {[%clk 0:00:41]} 24. Nxc4
{[%clk 0:02:01]} Qc6 {[%clk 0:00:25]} 25. Nbxd6 Re6 26. Ra1 {[%clk 0:01:55]} Nc7
{[%clk 0:00:27]} 27. e5 {[%clk 0:01:50]} h5 {[%clk 0:00:24]} 28. b4
{[%clk 0:01:50]} Nb7 {[%clk 0:00:16]} 29. Qe4 {[%clk 0:01:44]} Qxe4
{[%clk 0:00:13]} 30. Nxe4 {[%clk 0:01:45]} Nd5 {[%clk 0:00:11]} 31. Ra7
{[%clk 0:01:45]} Rc6 {[%clk 0:00:08]} 32. Rxb7 {[%clk 0:01:30]} Rxc4
{[%clk 0:00:09]} 33. Rb8+ {[%clk 0:01:31]} Kh7 {[%clk 0:00:10]} 34. Ng5+
{[%clk 0:01:32]} Kh6 {[%clk 0:00:11]} 35. Nxf7+ {[%clk 0:01:33]} Kh7
{[%clk 0:00:12]} 36. b5 {[%clk 0:01:14]} Rxc3 {[%clk 0:00:13]} 37. Rd8
{[%clk 0:01:12]} h4 {[%clk 0:00:05]} 38. Rxd5 {[%clk 0:01:05]} hxg3
{[%clk 0:00:06]} 39. fxg3 {[%clk 0:01:05]} Rxg3 {[%clk 0:00:07]} 40. e6
{[%clk 0:00:59]} Re3 {[%clk 0:00:08]} 41. b6 {[%clk 0:00:57]} Rb3
{[%clk 0:00:05]} 42. e7 {[%clk 0:00:56]} Re3 {[%clk 0:00:05]} 43. b7
{[%clk 0:00:56]} 1-0

[Event "Team Championship Russia (Blitz, Men)"]
[Site "Sochi"]
[Date "2018.10.10"]
[Round "12.6"]
[White "Demidov, Mikhail"]
[Black "Grachev, Boris"]
[Result "1/2-1/2"]
[BlackElo "2646"]
[WhiteElo "2522"]
[LiveChessVersion "1.4.8"]

1. Nf3 {[%clk 0:03:03]} d5 {[%clk 0:03:03]} 2. g3 {[%clk 0:03:05]} c6
{[%clk 0:03:04]} 3. Bg2 {[%clk 0:03:06]} Bf5 {[%clk 0:03:05]} 4. O-O
{[%clk 0:03:06]} e6 {[%clk 0:03:06]} 5. d3 {[%clk 0:03:02]} h6 {[%clk 0:03:07]}
6. c4 {[%clk 0:03:02]} dxc4 {[%clk 0:03:09]} 7. dxc4 {[%clk 0:03:03]} Nd7
{[%clk 0:03:10]} 8. Nc3 {[%clk 0:03:04]} Ngf6 {[%clk 0:03:10]} 9. b3
{[%clk 0:02:24]} Qc7 {[%clk 0:03:09]} 10. Bf4 {[%clk 0:02:17]} e5
{[%clk 0:03:09]} 11. Be3 {[%clk 0:02:15]} Be7 {[%clk 0:03:00]} 12. Qc1
{[%clk 0:02:10]} O-O {[%clk 0:02:56]} 13. Rd1 {[%clk 0:02:09]} Rfd8
{[%clk 0:02:45]} 14. h3 {[%clk 0:01:50]} Bh7 {[%clk 0:02:42]} 15. g4
{[%clk 0:01:45]} Ne4 {[%clk 0:02:30]} 16. Nxe4 {[%clk 0:01:39]} Bxe4
{[%clk 0:02:30]} 17. Qc3 {[%clk 0:01:40]} Bxf3 {[%clk 0:02:20]} 18. Bxf3
{[%clk 0:01:17]} a5 {[%clk 0:02:13]} 19. Be4 {[%clk 0:01:03]} Nf8
{[%clk 0:01:06]} 20. Bf5 {[%clk 0:00:55]} g6 {[%clk 0:01:02]} 21. Bc2
{[%clk 0:00:55]} Bg5 {[%clk 0:01:02]} 22. Bxg5 {[%clk 0:00:39]} hxg5
{[%clk 0:01:03]} 23. Qe3 {[%clk 0:00:40]} Ne6 {[%clk 0:01:03]} 24. Be4
{[%clk 0:00:17]} Rxd1+ {[%clk 0:00:58]} 25. Rxd1 {[%clk 0:00:19]} Rd8
{[%clk 0:00:59]} 26. Rd2 {[%clk 0:00:15]} Rd4 {[%clk 0:00:38]} 27. Rxd4
{[%clk 0:00:14]} exd4 {[%clk 0:00:34]} 28. Qd2 {[%clk 0:00:09]} Qe5
{[%clk 0:00:33]} 29. Bf3 {[%clk 0:00:07]} Nf4 {[%clk 0:00:32]} 30. e3
{[%clk 0:00:07]} dxe3 {[%clk 0:00:27]} 31. fxe3 {[%clk 0:00:07]} Ne6
{[%clk 0:00:25]} 32. Kg2 {[%clk 0:00:09]} Kg7 {[%clk 0:00:25]} 33. Kg1
{[%clk 0:00:06]} Qg3+ {[%clk 0:00:22]} 34. Bg2 {[%clk 0:00:07]} Qe5 35. Bf3 Qg3+
{[%clk 0:00:17]} 36. Bg2 {[%clk 0:00:10]} Qe5 {[%clk 0:00:18]} 37. Bf3
{[%clk 0:00:12]} Kf6 {[%clk 0:00:09]} 38. Kf2 {[%clk 0:00:13]} Kg7
{[%clk 0:00:08]} 39. Kg2 {[%clk 0:00:14]} Kf6 {[%clk 0:00:08]} 40. Kf2
{[%clk 0:00:15]} Kg7 {[%clk 0:00:07]} 1/2-1/2

[Event "Team Championship Russia (Blitz, Men)"]
[Site "Sochi"]
[Date "2018.10.10"]
[Round "12.7"]
[White "Malakhov, Vladimir"]
[Black "Afanasiev, Nikita"]
[Result "1/2-1/2"]
[BlackElo "2543"]
[WhiteElo "2630"]
[LiveChessVersion "1.4.8"]

1. Nf3 {[%clk 0:03:03]} g6 {[%clk 0:03:03]} 2. e4 {[%clk 0:03:03]} Bg7
{[%clk 0:03:04]} 3. d4 {[%clk 0:03:05]} d6 {[%clk 0:03:05]} 4. c3
{[%clk 0:03:06]} Nf6 {[%clk 0:03:02]} 5. Bd3 {[%clk 0:03:07]} O-O
{[%clk 0:03:02]} 6. O-O {[%clk 0:03:07]} Nc6 {[%clk 0:03:01]} 7. Re1
{[%clk 0:03:05]} e5 {[%clk 0:03:02]} 8. h3 {[%clk 0:03:03]} h6 {[%clk 0:02:58]}
9. Na3 {[%clk 0:02:59]} exd4 {[%clk 0:02:40]} 10. cxd4 {[%clk 0:02:59]} d5
{[%clk 0:02:41]} 11. e5 {[%clk 0:03:00]} Ne4 {[%clk 0:02:42]} 12. Bxe4
{[%clk 0:02:51]} dxe4 {[%clk 0:02:43]} 13. Rxe4 {[%clk 0:02:52]} Be6
{[%clk 0:02:23]} 14. Nc2 {[%clk 0:02:48]} f6 {[%clk 0:01:55]} 15. exf6
{[%clk 0:02:42]} Qxf6 {[%clk 0:01:51]} 16. Rf4 {[%clk 0:01:42]} Qe7
{[%clk 0:01:48]} 17. Rxf8+ {[%clk 0:01:41]} Rxf8 {[%clk 0:01:48]} 18. Be3
{[%clk 0:01:42]} Bd5 {[%clk 0:01:45]} 19. Nfe1 {[%clk 0:01:30]} Kh7
{[%clk 0:01:33]} 20. Qd2 {[%clk 0:01:31]} Be4 {[%clk 0:01:29]} 21. a3
{[%clk 0:01:28]} Rd8 {[%clk 0:01:26]} 22. Rd1 {[%clk 0:01:22]} Qf7
{[%clk 0:01:23]} 23. Qc3 {[%clk 0:01:19]} Rd7 {[%clk 0:01:21]} 24. Nb4
{[%clk 0:01:14]} Ne5 {[%clk 0:01:00]} 25. Rc1 {[%clk 0:01:08]} Nc6
{[%clk 0:01:00]} 26. Nxc6 {[%clk 0:01:08]} Bxc6 {[%clk 0:00:58]} 27. Qc4
{[%clk 0:01:01]} Bd5 {[%clk 0:00:46]} 28. Qa4 {[%clk 0:01:01]} a6
{[%clk 0:00:42]} 29. Nd3 {[%clk 0:01:02]} Bc6 {[%clk 0:00:39]} 30. Qa5
{[%clk 0:00:44]} Rd5 {[%clk 0:00:28]} 31. Qc3 {[%clk 0:00:42]} a5
{[%clk 0:00:13]} 32. Ne5 {[%clk 0:00:34]} Bxe5 {[%clk 0:00:12]} 33. dxe5
{[%clk 0:00:35]} Qf5 {[%clk 0:00:13]} 34. Re1 {[%clk 0:00:24]} Rxe5
{[%clk 0:00:09]} 35. f3 {[%clk 0:00:16]} Qe6 {[%clk 0:00:06]} 36. Bf2
{[%clk 0:00:14]} Rxe1+ {[%clk 0:00:07]} 37. Bxe1 {[%clk 0:00:16]} Qd5
{[%clk 0:00:06]} 38. Bg3 {[%clk 0:00:13]} a4 {[%clk 0:00:05]} 39. Bxc7
{[%clk 0:00:12]} Qe6 {[%clk 0:00:05]} 40. Bg3 {[%clk 0:00:13]} h5
{[%clk 0:00:06]} 41. h4 {[%clk 0:00:14]} Kg8 {[%clk 0:00:06]} 42. Kh2
{[%clk 0:00:12]} Kf7 {[%clk 0:00:07]} 43. Qd4 {[%clk 0:00:12]} Qd5
{[%clk 0:00:08]} 44. Qf4+ {[%clk 0:00:13]} Qf5 {[%clk 0:00:09]} 45. Qd6
{[%clk 0:00:13]} Qd7 {[%clk 0:00:10]} 46. Qb4 {[%clk 0:00:11]} Qd5
{[%clk 0:00:10]} 47. Bf4 {[%clk 0:00:10]} Qf5 {[%clk 0:00:08]} 48. Qd4
{[%clk 0:00:07]} Qd5 {[%clk 0:00:09]} 49. Qh8 {[%clk 0:00:07]} Qf5
{[%clk 0:00:10]} 50. Bg5 {[%clk 0:00:07]} Ke6 {[%clk 0:00:09]} 51. Qg8+
{[%clk 0:00:06]} Kd6 {[%clk 0:00:10]} 52. Bd2 {[%clk 0:00:05]} Qe5+
{[%clk 0:00:10]} 53. f4 {[%clk 0:00:05]} Qf5 {[%clk 0:00:09]} 54. Bb4+
{[%clk 0:00:04]} Kc7 {[%clk 0:00:09]} 55. Qg7+ {[%clk 0:01:04]} Kb6
{[%clk 0:00:09]} 56. Qd4+ {[%clk 0:01:04]} Ka6 {[%clk 0:00:09]} 57. Qc4+
{[%clk 0:00:57]} Kb6 {[%clk 0:00:07]} 58. Bc3 {[%clk 0:00:31]} Qe4
{[%clk 0:00:07]} 59. Bd4+ {[%clk 0:00:22]} Kc7 {[%clk 0:00:08]} 60. Be5+
{[%clk 0:00:17]} Kb6 {[%clk 0:00:07]} 61. Qxe4 {[%clk 0:00:17]} 1/2-1/2